Papers presented at the 49th annual conference

Sparad:
Bibliografiska uppgifter
Institutionell upphovsman: IEEE
Materialtyp: Bok
Språk:Undetermined
Publicerad: Texas IEEE 2005
Ämnen:
Taggar: Lägg till en tagg
Inga taggar, Lägg till första taggen!
Thư viện lưu trữ: Trung tâm Học liệu Trường Đại học Cần Thơ
LEADER 00483nam a2200193Ia 4500
001 CTU_103215
008 210402s9999 xx 000 0 und d
020 |c 136.66 
082 |a 621.3905 
082 |b P214 
110 |a IEEE 
245 0 |a Papers presented at the 49th annual conference 
245 0 |c IEEE 
260 |a Texas 
260 |b IEEE 
260 |c 2005 
650 |a Rural electrification 
904 |i Năm 
980 |a Trung tâm Học liệu Trường Đại học Cần Thơ